| 000 | 01017nam a22002657a 4500 | ||
|---|---|---|---|
| 005 | 20120113103918.0 | ||
| 008 | 120113t xxu||||| |||| 00| 0 eng d | ||
| 010 | _aENG-104716 | ||
| 020 |
_a9781259003295 _c310.00 |
||
| 020 |
_a1259003299 _c310.00 |
||
| 035 | _aEN-88249 | ||
| 037 | _bDBAD/PUB | ||
| 040 |
_aDPL _bEng |
||
| 082 | _a530.2462 | ||
| 100 | 1 |
_aBhattacharya, Sujay Kumar _939122 |
|
| 245 |
_aAdvanced engineering physics : _bWBUT 2011-12 / _cby Sujay Kumar Bhattacharya [and] Saumen Pal |
||
| 250 | _a2nd ed | ||
| 260 |
_aNew Delhi _bTata McGraw-Hill _cc2012 |
||
| 270 |
_a7 West Patel Nagar _bNew Delhi _e110001 |
||
| 300 |
_avarious pagings : _bill. _c24cm(pbk) |
||
| 700 |
_aPal, Saumen _939139 |
||
| 942 |
_2ddc _cEN _h530.2462 _mBHA |
||
| 999 |
_c60843 _d60843 |
||